000 01058nam a2200253Ia 4500
003 OSt
005 20220923223450.0
006 a|||||r|||| 00| 0
007 ta
008 220922b |||||||| |||| 00| 0 hin d
024 _a216,796
037 _cTextual
040 _aARTS
_cARTS
_bhin
041 _2hin
_ahin
082 _aO44w, 152P2
100 _aआरसु, संपा.
245 0 _aभारतीय भाषाओं के पुरस्कृत साहित्यकार
_b ज्ञानपीठ पुरस्कार से सम्मानित कृतिकारों से सृजन-संवाद
246 _aBhāratīya bhāṣhāoan ke puraskṛut sāhityakāra: jnyānapīṭh puraskār se sammānit kṛutikāroan se sṛujana-sanvāda
260 _aदिल्ली
_b राजपाल
_c2002
300 _a176i`
_ccm.
650 _aहिन्दी साहित्य
_9156264
942 _hO44w, 152P2
_cTEXL
_2CC
999 _c365513
_d365513